000
00361nam a2200169Ia 4500
100
_a
Hart/Daniel W
650
_a
Power electronics
942
_c
BK
366
_f
20
654
_a
power electronics
245
_a
Power Electronics
260
_b
Mc Graw Hill
_c
2011
082
_a
4.65
_b
DAN
300
_a
477
546
_a
ENGLISH
_c
PAMPHALETS
999
_c
25014
_d
25014